LIBRARY & INFORMATION CENTRE, KCAET, TAVANUR

ONLINE PUBLIC ACCESS CATALOGUE (OPAC)

Masters of the English novel / (Record no. 4698)

MARC details
000 -LEADER
fixed length control field 00414cam a2200169ua 4500
041 ## - LANGUAGE CODE
Language code of text/sound track or separate title eng
082 ## - DEWEY DECIMAL CLASSIFICATION NUMBER
Classification number 828.09
Item number MAR/MA
100 ## - MAIN ENTRY--AUTHOR NAME
Personal name Marshall, Percy .
245 ## - TITLE STATEMENT
Title Masters of the English novel /
260 ## - PUBLICATION, DISTRIBUTION, ETC. (IMPRINT)
Place of publication London :
Name of publisher Dennis dobsen ,
Year of publication 1962.
300 ## - PHYSICAL DESCRIPTION
Number of Pages 224 ; .
942 ## - ADDED ENTRY ELEMENTS (KOHA)
Koha item type Books
Holdings
Withdrawn status Lost status Damaged status Home library Current library Date acquired Full call number Accession Number Koha item type
Withdrawn     KAUAET Sanskrit University 07/04/2012 828.09 12122 Books
free website counter